[Event "Dubai Police op-A"]
[Site "Dubai"]
[Date "2024.05.10"]
[Round "7"]
[White "Sindarov, Javokhir"]
[Black "Ghosh, Diptayan"]
[Result "0-1"]
[WhiteElo "2684"]
[BlackElo "2564"]
[PlyCount "110"]
[EventDate "2024.05.04"]
[EventType "swiss"]
[EventRounds "9"]
[EventCountry "UAE"]
[SourceTitle "CB20_2024"]
[SourceDate "2024.05.16"]
[SourceVersion "1"]
[SourceVersionDate "2024.05.16"]
[SourceQuality "1"]

1. e4 e6 2. d4 d5 3. e5 c5 4. c3 Nc6 5. Nf3 Bd7 6. Be2 Nge7 7. Na3 cxd4 8. cxd4 Nf5 9. Nc2 Be7 10. 0-0 0-0 11. Bd3 f6 12. Bxf5 exf5 13. Re1 Be8 14. Qd3 f4 15. Bxf4 Bg6 16. Qd1 fxe5 17. Bxe5 Rc8 18. Ne3 Be4 19. Nd2 Bb4 20. Nxe4 Bxe1 21. Qb3 Kh8 22. Qxd5 Bb4 23. Rd1 Qxd5 24. Nxd5 Rfd8 25. Nxb4 Nxe5 26. f4 Ng4 27. Nc3 Ne3 28. Rd3 Nc4 29. b3 Nb2 30. Rf3 Rxd4 31. Nbd5 Nd1 32. h4 h6 33. Kh2 Nxc3 34. Nxc3 a6 35. h5 Rf8 36. Ne2 Re4 37. Rf2 b5 38. Kh3 Rd8 39. Ng3 Red4 40. Nf1 b4 41. Kg4 a5 42. g3 Rd1 43. Kf3 Kg8 44. Ne3 R1d2 45. Re2 R8d3 46. Re1 Rxa2 47. Kg4 a4 48. bxa4 Rxa4 49. Nc4 Ra8 50. Re7 Rb8 51. Ne5 Rc3 52. Nd7 Rb5 53. Ne5 Rc8 54. Ng6 b3 55. Re1 Kh7 0-1

[Event "Dubai Police op-A"]
[Site "Dubai"]
[Date "2024.05.07"]
[Round "4"]
[White "Kamalidenova, Meruert"]
[Black "Ghosh, Diptayan"]
[Result "0-1"]
[WhiteElo "2367"]
[BlackElo "2564"]
[PlyCount "62"]
[EventDate "2024.05.04"]
[EventType "swiss"]
[EventRounds "9"]
[EventCountry "UAE"]
[SourceTitle "CB20_2024"]
[SourceDate "2024.05.16"]
[SourceVersion "1"]
[SourceVersionDate "2024.05.16"]
[SourceQuality "1"]

1. e4 c6 2. d4 d5 3. f3 e6 4. Nc3 Bb4 5. Bd2 Ne7 6. a3 Ba5 7. Bd3 Nd7 8. f4 Bxc3 9. Bxc3 dxe4 10. Bxe4 Nf6 11. Bd3 b6 12. Nf3 Bb7 13. Qe2 0-0 14. 0-0-0 Ned5 15. Bd2 Qc7 16. Ne5 c5 17. dxc5 bxc5 18. g4 c4 19. Bxc4 Rfc8 20. g5 Ne4 21. Rhe1 Nd6 22. Bd3 Ba6 23. Be3 Bxd3 24. Qxd3 Rab8 25. Rd2 Qa5 26. Bd4 Nb4 27. Qf1 Qa4 28. Qf2 Nb5 29. Nf3 Rxc2+ 30. Kd1 Rxd2+ 31. Kxd2 Qc2+ 0-1

[Event "Bhubaneswar SOA op 1st"]
[Site "Bhubaneswar"]
[Date "2024.02.02"]
[Round "8"]
[White "Ghosh, Diptayan"]
[Black "Tahbaz, Arash"]
[Result "1-0"]
[WhiteElo "2568"]
[BlackElo "2425"]
[PlyCount "61"]
[EventDate "2024.01.28"]
[EventType "swiss"]
[EventRounds "10"]
[EventCountry "IND"]
[SourceTitle "CB06_2024"]
[SourceDate "2024.02.07"]
[SourceVersion "1"]
[SourceVersionDate "2024.02.07"]
[SourceQuality "1"]

1. Nf3 Nf6 2. g3 g6 3. Bg2 Bg7 4. c4 0-0 5. d4 d6 6. 0-0 c5 7. Nc3 Nc6 8. dxc5 dxc5 9. Be3 Qa5 10. Qb3 Qb4 11. Qxb4 cxb4 12. Nd5 Nxd5 13. cxd5 Ne5 14. Nxe5 Bxe5 15. Bc5 Bxb2 16. Rab1 Bf6 17. Bxb4 Bd7 18. d6 Bc6 19. Bxc6 bxc6 20. d7 Rfd8 21. Rfd1 Rab8 22. Rb3 Rb5 23. Be1 Rd5 24. Rxd5 cxd5 25. Rb7 Bd4 26. Bb4 Kf8 27. e3 Bb6 28. a4 Ra8 29. a5 Bd8 30. a6 Bb6 31. Bc3 1-0

[Event "Bhubaneswar SOA op 1st"]
[Site "Bhubaneswar"]
[Date "2024.01.28"]
[Round "1"]
[White "Ghosh, Diptayan"]
[Black "John, Veny Akkarakarn"]
[Result "1-0"]
[WhiteElo "2568"]
[BlackElo "2112"]
[PlyCount "147"]
[EventDate "2024.01.28"]
[EventType "swiss"]
[EventRounds "10"]
[EventCountry "IND"]
[SourceTitle "CB06_2024"]
[SourceDate "2024.02.07"]
[SourceVersion "1"]
[SourceVersionDate "2024.02.07"]
[SourceQuality "1"]

1. Nf3 Nf6 2. c4 e6 3. Nc3 d5 4. e3 Be7 5. b3 0-0 6. Bb2 c5 7. cxd5 exd5 8. d4 Nc6 9. Be2 Ne4 10. dxc5 Qa5 11. Rc1 Bf6 12. Nd4 Nxc5 13. Nxc6 bxc6 14. 0-0 Ne4 15. Qc2 Nxc3 16. Bxc3 Bxc3 17. Qxc3 Qxa2 18. Rc2 Qa3 19. Ra1 Qd6 20. Qxc6 Qxc6 21. Rxc6 Rb8 22. Rc3 Be6 23. Rxa7 d4 24. exd4 Rfd8 25. h3 Rxd4 26. Bc4 Rd6 27. Rf3 Bxc4 28. bxc4 Rf8 29. Rc7 Rd1+ 30. Kh2 Rc1 31. Kg3 Rc2 32. Rf4 Rc3+ 33. Rf3 Rc2 34. h4 g6 35. Kf4 Re8 36. g4 h6 37. Kg3 Rf8 38. g5 hxg5 39. hxg5 Kg7 40. Rf6 Kg8 41. Kf3 Ra8 42. Ke4 Rd8 43. c5 Rc4+ 44. Ke5 Rc2 45. f3 Re2+ 46. Kf4 Rd4+ 47. Kg3 Re5 48. c6 Rxg5+ 49. Kf2 Rc5 50. f4 g5 51. fxg5 Rdd5 52. g6 fxg6 53. Rxg6+ Kf8 54. Rh6 Rh5 55. Rf6+ Ke8 56. Re6+ Kf8 57. Rd6 Rhd5 58. Rxd5 Rxd5 59. Rh7 Rc5 60. c7 Ke8 61. Ke3 Rc1 62. Kd4 Rc2 63. Kd5 Rc1 64. Kd6 Rd1+ 65. Kc6 Rc1+ 66. Kb7 Rb1+ 67. Kc8 Rb2 68. Rh1 Ke7 69. Re1+ Kf6 70. Re4 Kf5 71. Re7 Kf6 72. Kd8 Rh2 73. c8Q Rh8+ 74. Re8 1-0

[Event "Bangalore op 1st"]
[Site "Bangalore"]
[Date "2024.01.19"]
[Round "3"]
[White "Sahoo, Utkal Ranjan"]
[Black "Ghosh, Diptayan"]
[Result "1/2-1/2"]
[WhiteElo "2316"]
[BlackElo "2568"]
[PlyCount "42"]
[EventDate "2024.01.18"]
[EventType "swiss"]
[EventRounds "10"]
[EventCountry "IND"]
[SourceTitle "CB05_2024"]
[SourceDate "2024.01.31"]
[SourceVersion "1"]
[SourceVersionDate "2024.01.31"]
[SourceQuality "1"]

1. d4 Nf6 2. c4 e6 3. Nc3 Bb4 4. a3 Bxc3+ 5. bxc3 c5 6. e3 b6 7. Bd3 Bb7 8. f3 Nc6 9. Ne2 d6 10. e4 e5 11. d5 Ne7 12. 0-0 Ng6 13. Be3 Bc8 14. Qd2 h6 15. Ng3 Bd7 16. a4 a5 17. Ra2 Qc7 18. Rb1 Ra6 19. Rf1 Ra8 20. Rb1 Ra6 21. Rf1 Ra8 1/2-1/2

[Event "AUT-chT 2324"]
[Site "Austria"]
[Date "2023.11.22"]
[Round "1.1"]
[White "Ghosh, Diptayan"]
[Black "Dragnev, Valentin"]
[Result "1-0"]
[WhiteElo "2570"]
[BlackElo "2589"]
[PlyCount "59"]
[EventDate "2023.11.22"]
[EventType "team-tourn"]
[EventRounds "11"]
[EventCountry "AUT"]
[SourceTitle "CB48_2023"]
[SourceDate "2023.11.29"]
[SourceVersion "1"]
[SourceVersionDate "2023.11.29"]
[SourceQuality "1"]
[WhiteTeam "Raika Feffernitz"]
[BlackTeam "Ottakring"]
[WhiteTeamCountry "AUT"]
[BlackTeamCountry "AUT"]

1. Nf3 d5 2. g3 g6 3. Bg2 Bg7 4. d4 Nf6 5. 0-0 0-0 6. c4 c6 7. Qa4 Nbd7 8. cxd5 Nb6 9. Qd1 cxd5 10. Bf4 Ne4 11. Na3 Nd6 12. Ne5 Be6 13. Rc1 Rc8 14. h4 Rxc1 15. Qxc1 Qc8 16. Qc5 Qa8 17. Qb4 Rc8 18. Rc1 Rxc1+ 19. Bxc1 Qc8 20. Bf4 Bf6 21. Qa5 Qa8 22. e3 Kg7 23. Nd3 Nbc4 24. Nxc4 Nxc4 25. Qc7 b6 26. b3 Nd2 27. Be5 Bxe5 28. Nxe5 Qe8 29. Nc6 Kf8 30. Nxa7 1-0

[Event "Figueira da Foz op 17th"]
[Site "Figueira da Foz"]
[Date "2023.11.10"]
[Round "7"]
[White "Lach, Aleksandra"]
[Black "Ghosh, Diptayan"]
[Result "0-1"]
[WhiteElo "2262"]
[BlackElo "2570"]
[PlyCount "88"]
[EventDate "2023.11.05"]
[EventType "swiss"]
[EventRounds "9"]
[EventCountry "POR"]
[SourceTitle "CB46_2023"]
[SourceDate "2023.11.15"]
[SourceVersion "1"]
[SourceVersionDate "2023.11.15"]
[SourceQuality "1"]

1. e4 e5 2. Bc4 Nf6 3. d3 Nc6 4. Nc3 Bc5 5. f4 d6 6. Nf3 exf4 7. Bxf4 0-0 8. Qd2 Be6 9. Bxe6 fxe6 10. 0-0-0 Bb4 11. Bg5 h6 12. Bh4 Qd7 13. Bxf6 Rxf6 14. d4 Ne7 15. Qd3 Bxc3 16. Qxc3 Rf7 17. Rhf1 Raf8 18. Nd2 Ng6 19. Rxf7 Rxf7 20. g3 Rf2 21. h4 Qf7 22. Rg1 b6 23. Qd3 e5 24. d5 Nf8 25. b4 Nd7 26. Rf1 a5 27. a3 axb4 28. axb4 Kh7 29. Kd1 Qh5+ 30. Ke1 Rh2 31. Rf2 Rh3 32. Qf3 Qxf3 33. Rxf3 Nf6 34. c4 Kg6 35. Ra3 Kh5 36. Nf1 Nxe4 37. Re3 Nf6 38. Kf2 Ng4+ 39. Kg2 Rh2+ 40. Nxh2 Nxe3+ 41. Kf3 Nxc4 42. Ke4 b5 43. Kf5 Ne3+ 44. Ke6 e4 0-1

[Event "Figueira da Foz op 17th"]
[Site "Figueira da Foz"]
[Date "2023.11.05"]
[Round "1"]
[White "Goncalves, Lucas Jordao"]
[Black "Ghosh, Diptayan"]
[Result "0-1"]
[WhiteElo "2018"]
[BlackElo "2570"]
[PlyCount "114"]
[EventDate "2023.11.05"]
[EventType "swiss"]
[EventRounds "9"]
[EventCountry "POR"]
[SourceTitle "CB46_2023"]
[SourceDate "2023.11.15"]
[SourceVersion "1"]
[SourceVersionDate "2023.11.15"]
[SourceQuality "1"]

1. e4 e5 2. Nf3 Nc6 3. Bc4 Nf6 4. d3 Be7 5. Nc3 d6 6. a3 0-0 7. Be3 Be6 8. Ba2 h6 9. h3 Bxa2 10. Rxa2 d5 11. exd5 Nxd5 12. Nxd5 Qxd5 13. Ra1 Rad8 14. 0-0 f5 15. Re1 Bf6 16. Rb1 Rfe8 17. Qe2 a6 18. Rbd1 Qf7 19. Bc1 Kh7 20. c3 Rd6 21. Qc2 g6 22. b4 Bg7 23. Bb2 Red8 24. c4 e4 25. Bxg7 exf3 26. Bb2 fxg2 27. b5 axb5 28. cxb5 Nd4 29. Bxd4 Rxd4 30. Re5 R8d7 31. Rde1 h5 32. Qc5 R4d6 33. Qe3 Rxd3 34. Qg5 Rd1 35. Rxd1 Rxd1+ 36. Kxg2 Rd7 37. h4 b6 38. Qe3 Qf6 39. Kg3 Kg7 40. Re8 Kf7 41. Rc8 Qd6+ 42. Kg2 Qd5+ 43. Kh2 Re7 44. Qf4 Qe4 45. Qxe4 fxe4 46. Kg3 e3 47. fxe3 Rxe3+ 48. Kf4 Rc3 49. a4 Rc5 50. a5 bxa5 51. Rb8 a4 52. Ke4 a3 53. Kf4 a2 54. Ra8 Rxb5 55. Rxa2 Rb4+ 56. Kg5 Rg4+ 57. Kh6 c5 0-1

[Event "IND-ch 60th"]
[Site "Pune"]
[Date "2023.08.25"]
[Round "10"]
[White "Aronyak, Ghosh"]
[Black "Ghosh, Diptayan"]
[Result "1/2-1/2"]
[WhiteElo "2538"]
[BlackElo "2568"]
[PlyCount "60"]
[EventDate "2023.08.16"]
[EventType "swiss"]
[EventRounds "11"]
[EventCountry "IND"]
[SourceTitle "EXT 2024"]
[Source "ChessBase"]
[SourceDate "2023.10.10"]
[SourceVersion "1"]
[SourceVersionDate "2023.10.10"]
[SourceQuality "1"]

1. c4 c6 2. Nc3 d5 3. cxd5 cxd5 4. d4 Nf6 5. Nf3 Nc6 6. Bf4 Bf5 7. e3 e6 8. Bd3 Bxd3 9. Qxd3 Bd6 10. Bxd6 Qxd6 11. 0-0 0-0 12. Rfc1 Rfc8 13. Ne2 Ne7 14. h3 h6 15. Rxc8+ Rxc8 16. Rc1 Rxc1+ 17. Nxc1 Qc7 18. Ne2 Nc8 19. Qc3 Qxc3 20. Nxc3 Nd6 21. Kf1 Kf8 22. Ke2 Ke7 23. Ne5 Nd7 24. Nd3 Nf6 25. Ne5 Nd7 26. Nd3 Nf6 27. Nb1 Ke8 28. Ke1 Ke7 29. Ke2 Ke8 30. Ke1 Ke7 1/2-1/2

[Event "IND-ch 60th"]
[Site "Pune"]
[Date "2023.08.23"]
[Round "8"]
[White "Mitrabha, Guha"]
[Black "Ghosh, Diptayan"]
[Result "0-1"]
[WhiteElo "2505"]
[BlackElo "2568"]
[PlyCount "50"]
[EventDate "2023.08.16"]
[EventType "swiss"]
[EventRounds "11"]
[EventCountry "IND"]
[SourceTitle "EXT 2024"]
[Source "ChessBase"]
[SourceDate "2023.10.10"]
[SourceVersion "1"]
[SourceVersionDate "2023.10.10"]
[SourceQuality "1"]

1. d4 d5 2. Nc3 Nf6 3. Bf4 c5 4. e4 cxd4 5. Qxd4 Nc6 6. Bb5 Bd7 7. Bxc6 Bxc6 8. e5 Nd7 9. e6 fxe6 10. Nf3 Qb6 11. Qxb6 axb6 12. 0-0-0 g6 13. Rhe1 Bg7 14. Rxe6 Bxc3 15. bxc3 Nc5 16. Re3 Rxa2 17. Kb1 Ra4 18. Nd4 0-0 19. g3 Rfa8 20. Kc1 Ne4 21. Rxe4 Ra1+ 22. Kd2 Rxd1+ 23. Kxd1 dxe4 24. h4 Ra5 25. Be3 Bd5 0-1

[Event "IND-ch 60th"]
[Site "Pune"]
[Date "2023.08.22"]
[Round "7"]
[White "Ghosh, Diptayan"]
[Black "Das, Arghyadip"]
[Result "1-0"]
[WhiteElo "2568"]
[BlackElo "2413"]
[PlyCount "105"]
[EventDate "2023.08.16"]
[EventType "swiss"]
[EventRounds "11"]
[EventCountry "IND"]
[SourceTitle "EXT 2024"]
[Source "ChessBase"]
[SourceDate "2023.10.10"]
[SourceVersion "1"]
[SourceVersionDate "2023.10.10"]
[SourceQuality "1"]

1. c4 Nf6 2. Nc3 c5 3. g3 d5 4. cxd5 Nxd5 5. Bg2 Nc7 6. Nf3 Nc6 7. a3 f6 8. b4 e5 9. b5 Nd4 10. Rb1 Bd7 11. a4 Bf5 12. d3 Be7 13. Nh4 Bc8 14. e3 Nf5 15. Nxf5 Bxf5 16. Bxb7 Bxd3 17. Nd5 Bxb1 18. Nxc7+ Qxc7 19. Bxa8 c4 20. Bc6+ Kf8 21. 0-0 Bd3 22. Qh5 Bg6 23. Qg4 Bd3 24. Qh5 Qc8 25. Rd1 Bb4 26. Bb2 Ke7 27. Bxe5 fxe5 28. Qxe5+ Kf7 29. Rxd3 cxd3 30. Qf4+ Ke6 31. Qc4+ Kf6 32. Qd4+ Kg6 33. Qxb4 Qd8 34. Qg4+ Kh6 35. Qh3+ Kg6 36. Be4+ Kf6 37. Qf5+ Ke7 38. Bxd3 Qd6 39. Qg5+ Kf8 40. Bc4 Qc7 41. Bd5 h5 42. Qf5+ Ke7 43. Qe6+ Kd8 44. Bc6 Qe7 45. Qd5+ Kc7 46. Qd4 Kb8 47. b6 axb6 48. Qxb6+ Kc8 49. Qa6+ Kc7 50. Qb7+ Kd6 51. Qb4+ Ke6 52. Bd5+ Kd7 53. Qb5+ 1-0

[Event "IND-ch 60th"]
[Site "Pune"]
[Date "2023.08.20"]
[Round "5"]
[White "Ghosh, Diptayan"]
[Black "Konguvel, Ponnuswamy"]
[Result "1-0"]
[WhiteElo "2568"]
[BlackElo "2250"]
[PlyCount "93"]
[EventDate "2023.08.16"]
[EventType "swiss"]
[EventRounds "11"]
[EventCountry "IND"]
[SourceTitle "EXT 2024"]
[Source "ChessBase"]
[SourceDate "2023.10.10"]
[SourceVersion "1"]
[SourceVersionDate "2023.10.10"]
[SourceQuality "1"]

1. Nf3 Nf6 2. g3 b6 3. Bg2 Bb7 4. 0-0 g6 5. c4 Bg7 6. d4 0-0 7. d5 Na6 8. Nc3 Nc5 9. Bf4 Nh5 10. Be5 Bh6 11. b4 Na6 12. Qb3 d6 13. Bd4 e5 14. dxe6 Nxb4 15. Qxb4 c5 16. Qb3 cxd4 17. Nxd4 Bxg2 18. Kxg2 Qf6 19. exf7+ Rxf7 20. Rad1 Bg7 21. Nd5 Qe5 22. Qd3 Rc8 23. Nf3 Qe8 24. Rc1 Bh6 25. Rc2 Ng7 26. Nd4 Qd7 27. e4 Ne8 28. Rd1 Bg7 29. Nf3 Kh8 30. h4 h6 31. Re1 Be5 32. Nxe5 dxe5 33. Qc3 Qd6 34. f4 Kh7 35. fxe5 Qe6 36. Qd4 Rc6 37. Ree2 g5 38. hxg5 hxg5 39. Rf2 Kg6 40. Rxf7 Qxf7 41. Rf2 Qh7 42. Rf5 Re6 43. Qd2 Qh6 44. Qf2 Qh7 45. Rf8 Kh6 46. Qf3 Qg7 47. Ne3 1-0

[Event "Julius Baer Play In"]
[Site "Chess.com INT"]
[Date "2023.07.24"]
[Round "4.72"]
[White "Ghosh, Diptayan"]
[Black "De Silva, LMST"]
[Result "1-0"]
[WhiteElo "2577"]
[BlackElo "2433"]
[PlyCount "43"]
[EventDate "2023.07.24"]
[EventType "swiss (rapid)"]
[EventRounds "9"]
[EventCountry "GER"]
[SourceTitle "CBM 215 Extra"]
[Source "ChessBase"]
[SourceDate "2023.09.30"]
[SourceVersion "1"]
[SourceVersionDate "2023.09.30"]
[SourceQuality "1"]

1. Nf3 Nf6 2. c4 e6 3. Nc3 d5 4. e3 Be7 5. b3 0-0 6. Bb2 b6 7. cxd5 exd5 8. d4 Bb7 9. Bd3 Nbd7 10. 0-0 c5 11. Rc1 Ne4 12. Ne2 Rc8 13. Ng3 Nxg3 14. hxg3 Bf6 15. Qe2 Re8 16. Rc2 Nf8 17. Bb5 Bc6 18. Ba6 Rc7 19. dxc5 Bxb2 20. cxb6 axb6 21. Rxb2 d4 22. Nxd4 1-0

[Event "Julius Baer Play In"]
[Site "Chess.com INT"]
[Date "2023.07.24"]
[Round "3.64"]
[White "Ivic, Velimir"]
[Black "Ghosh, Diptayan"]
[Result "1-0"]
[WhiteElo "2590"]
[BlackElo "2577"]
[PlyCount "71"]
[EventDate "2023.07.24"]
[EventType "swiss (rapid)"]
[EventRounds "9"]
[EventCountry "GER"]
[SourceTitle "CBM 215 Extra"]
[Source "ChessBase"]
[SourceDate "2023.09.30"]
[SourceVersion "1"]
[SourceVersionDate "2023.09.30"]
[SourceQuality "1"]

1. e4 e5 2. Nf3 Nc6 3. Bb5 a6 4. Ba4 Bc5 5. c3 Nge7 6. 0-0 Ba7 7. d4 Ng6 8. Re1 0-0 9. Bg5 f6 10. Be3 d6 11. Nbd2 Kh8 12. h3 exd4 13. cxd4 Nce7 14. d5 Bxe3 15. Rxe3 f5 16. Rc1 fxe4 17. Nxe4 Nf4 18. Bb3 Nf5 19. Re1 Nh4 20. Nxh4 Qxh4 21. Rxc7 Bxh3 22. g3 Qd8 23. Rxb7 Bc8 24. Rb4 Nh3+ 25. Kg2 Bf5 26. f4 Qd7 27. Ba4 Qc7 28. Bc6 Rab8 29. Qd4 Qe7 30. Rxb8 Rxb8 31. Re3 Qf8 32. Nd2 h6 33. Nf3 Qf7 34. Nh4 Bg4 35. Re7 Qg8 36. f5 1-0